Phân tích tình hình sản xuất kinh doanh ngành hàng nghêu trắng Bến Tre (Meretrix lyrata, Sowerby, 1851) ở Đồng bằng sông Cửu Long : Luận văn Thạc sĩ chuyên ngành Nuôi trồng Thủy sản

Nội dung đề tài là làm rõ thực trạng và phân tích các yếu tố ảnh hưởng đến tình hình khai thác nghêu giống tự nhiên, sản xuất, ương nghêu giống, nuôi nghêu thương phẩm và tiêu thụ sản phẩm. Từ đó, đề xuất những giải pháp để phát tri...

全面介绍

Đã lưu trong:
书目详细资料
主要作者: Lê, Tân Thới
格式: 图书
语言:Undetermined
出版: Cần Thơ Trường Đại học Cần Thơ 2010
主题:
标签: 添加标签
没有标签, 成为第一个标记此记录!
Thư viện lưu trữ: Trung tâm Học liệu Trường Đại học Cần Thơ
LEADER 01316nam a2200217Ia 4500
001 CTU_157920
008 210402s9999 xx 000 0 und d
082 |a 639.41 
082 |b Th462 
088 |a 60620301 
100 |a Lê, Tân Thới 
245 0 |a Phân tích tình hình sản xuất kinh doanh ngành hàng nghêu trắng Bến Tre (Meretrix lyrata, Sowerby, 1851) ở Đồng bằng sông Cửu Long : 
245 0 |b Luận văn Thạc sĩ chuyên ngành Nuôi trồng Thủy sản 
245 0 |c Lê Tân Thới ; Lê Xuân Sinh ( hướng dẫn khoa học ) 
260 |a Cần Thơ 
260 |b Trường Đại học Cần Thơ 
260 |c 2010 
520 |a Nội dung đề tài là làm rõ thực trạng và phân tích các yếu tố ảnh hưởng đến tình hình khai thác nghêu giống tự nhiên, sản xuất, ương nghêu giống, nuôi nghêu thương phẩm và tiêu thụ sản phẩm. Từ đó, đề xuất những giải pháp để phát triển ngành hàng nghêu các tỉnh ven biển phía Nam. 
650 |a Oyster-culture,Cách nuôi sò, trai, hàu 
904 |i QHieu 
980 |a Trung tâm Học liệu Trường Đại học Cần Thơ